15 principales países afectados por Covid19 - 2 de julio - Estadísticas

Estadísticas generales
  • Esta prueba ha sido intentada 6 veces
  • La puntuación promedio es 17 de 25
Estadísticas de respuestas
país % Correcto
Alemania
100%
Brasil
100%
Chile
100%
Chile
100%
España
100%
Estados Unidos
100%
Italia
100%
México
100%
Rusia
100%
Arabia Saudita
75%
India
75%
Irán
75%
Pakistán
75%
Perú
75%
Reino Unido
75%
Turquía
75%
Panamá
50%
Suecia
50%
Armenia
25%
Baréin
25%
Bielorrusia
25%
Catar
25%
Kuwait
25%
Omán
25%
Singapur
25%
No se encontraron pruebas coincidentes
Distribución de puntuación
Porcentaje de gente con cada puntuación
Porcentaje por número respondido
Historial de tus puntuaciones
No has intentado esta prueba.